Organizational design /

Bibliographic Details
Main Author: Pfeffer, Jeffrey
Format: Book
Language:English
Published: Arlington Heights, Ill. : AHM Pub. Corp., [1978]
Series:Organizational behavior series.
Subjects:

MARC

Tag First Indicator Second Indicator Subfields
LEADER 00000cam a2200000 a 4500
001 in00000070596
005 20151008061826.0
008 790315s1978 ilua b 00110 engm
010 |a  77086024  
020 |a 0882954539 
035 |a (OCoLC)04047106 
035 |9 AAJ8907AM 
040 |a DLC  |c DLC  |d m.c.  |d TXA  |d UtOrBLW 
049 |a TXAM  |c [985456] 
050 0 0 |a HD31  |b .P398 
082 0 |a 658.4/02 
100 1 |a Pfeffer, Jeffrey. 
245 1 0 |a Organizational design /  |c Jeffrey Pfeffer. 
264 1 |a Arlington Heights, Ill. :  |b AHM Pub. Corp.,  |c [1978] 
264 4 |c ©1978 
300 |a xviii, 256 pages :  |b illustrations ;  |c 23 cm. 
336 |a text  |b txt  |2 rdacontent 
337 |a unmediated  |b n  |2 rdamedia 
338 |a volume  |b nc  |2 rdacarrier 
490 1 |a Organizational behavior series 
504 |a Includes bibliographies and indexes. 
650 0 |a Organization. 
650 0 |a Management. 
830 0 |a Organizational behavior series. 
999 |a MARS 
999 f f |s 2e872942-8899-366a-9b7b-32ddfbfb99b4  |i 66c5c658-1b15-3573-9a8b-df5116c0a785  |t 0 
952 f f |p ric  |a Texas A&M University  |b Rellis Campus  |c Joint Library Facility  |d Remote Storage  |t 0  |e HD31 .P398  |h Library of Congress classification  |i unmediated -- volume  |m A14806123837 
998 f f |a HD31 .P398  |t 0  |l Remote Storage